| 000 | 00418nam a22001817a 4500 | ||
|---|---|---|---|
| 003 | MPLRDC | ||
| 005 | 20220104113719.0 | ||
| 008 | 210129b ||||| |||| 00| 0 eng d | ||
| 082 | _a857.621 NK-35 v.2 | ||
| 100 | _a倪匡著 | ||
| 245 |
_a三千年死人 _c |
||
| 250 | _a第二版 | ||
| 260 |
_a _b繁荣出版社 _c1994 |
||
| 300 | _b平 | ||
| 490 | _a奇幻系列 | ||
| 650 | _a | ||
| 942 |
_cBK _o857.621 NK-35 v.2 |
||
| 999 |
_c1770 _d1760 |
||